000 00598nam a2200217Ia 4500
003 OSt
005 20220926022926.0
006 a|||||r|||| 00| 0
007 ta
008 220923b |||||||| |||| 00| 0 eng d
037 _cGeneral Book
040 _aRTL
_cRTL
_beng
041 _2eng
_aeng
082 _aXxN02MA, K3/SC
100 _aMACHLUP Fritz
_9126291
245 0 _aEssays in economic semantics.
260 _aNew York
_bW.W.Norton & Company Inc.
_c1967
300 _a304p.
_ccm.
942 _hXxN02MA, K3/SC
_cGB
_2CC
999 _c640552
_d640552